| 000 | 00601nam a22001697a 4500 | ||
|---|---|---|---|
| 008 | 140123b xxu||||| |||| 00| 0 eng d | ||
| 020 | _a0575062525 | ||
| 050 | _aSPC DT352.2.J46 2000 | ||
| 100 |
_aJennings, Christian _97036 |
||
| 245 |
_aAcross the Red River _bRwanda, Burundi and the heart of darkness |
||
| 260 |
_aLondon _bVictor Gollancz _c2000 |
||
| 300 |
_a349p. _c23cm |
||
| 650 |
_aJennings, Christian - Travel - Africa, Central _97037 |
||
| 650 |
_aGenocide - Rwanda - History - 20th century _97038 |
||
| 650 |
_aGenocide - Burundi - History - 20th century _97039 |
||
| 942 |
_2lcc _cMONOGRAPH |
||
| 999 |
_c119683 _d119683 |
||